00696nam a2200181Ia 4500008004100000020001800041050002500059100002300084245012700107260004400234300002100278500004100299521000700340650003200347942001200379999001700391952010600408140321s9999 xx 000 0 und d a9789717251370 aPE 1408b.Aq657 2012 aAquino, Julieta G. aCommunication arts 1 :bstudy and thinking skills in english /cJulieta G. Aquino, Ligaya A. Viray and Miguel U. Baltazar. aManila :bGrandbooks Pub. Inc.,cc2012. a246 p. :c22 cm. aIncludes bibliographical references. aMC aEnglish languagexRhetoric. kLOCcBK c48380d48380 001040aCLbCLcRESd2014-03-21l0oPE 1408 .Aq657 2012pC17663r2016-01-14 00:00:00w2014-03-21yBK